书目信息 |
| 题名: |
公司战略与风险管理母子题
|
|
| 作者: | 中公教育会计研究院 编著 | |
| 分册: | ||
| 出版信息: | 上海 立信会计出版社 2020.7 |
|
| 页数: | 330页 | |
| 开本: | 26cm | |
| 丛书名: | ||
| 单 册: | ||
| 中图分类: | F276.6-44 , F276.6 | |
| 科图分类: | ||
| 主题词: | 公司--企业管理--资格考试--习题集 , 公司--风险管理--资格考试--习题集 | |
| 电子资源: | ||
| ISBN: | 978-7-5429-6551-6 | |
| 000 | 01003nam0 2200241 450 | |
| 001 | 2148748130 | |
| 005 | 20210103133254.21 | |
| 010 | @a978-7-5429-6551-6@dCNY56.00 | |
| 100 | @a20200711d2020 em y0chiy0110 ea | |
| 101 | 0 | @achi |
| 102 | @aCN@b310000 | |
| 105 | @ay z 000yy | |
| 200 | 1 | @a公司战略与风险管理母子题@9gong si zhan lue yu feng xian guan li mu zi ti@f中公教育会计研究院编著 |
| 210 | @a上海@c立信会计出版社@d2020.7 | |
| 215 | @a330页@d26cm | |
| 330 | @a本书包括以下内容:战略与战略管理、企业外部环境分析、企业内部环境分析、SWOT分析、总体战略、业务单位战略、职能战略、国际化经营战略、公司战略与组织结构、公司战略与企业文化、战略控制、战略管理中的权力与利益相关者、公司治理问题、风险与风险管理。 | |
| 606 | 0 | @a公司@x企业管理@x资格考试@j习题集 |
| 606 | 0 | @a公司@x风险管理@x资格考试@j习题集 |
| 690 | @aF276.6-44@v5 | |
| 690 | @aF276.6@v4 | |
| 701 | 0 | @a中公教育会计研究院@9zhong gong jiao yu hui ji yan jiu yuan@4编著 |
| 801 | 2 | @aCN@b58marc.cn@c20200711 |
| 905 | @aMUSE@dF276.6@e25 | |
| 公司战略与风险管理母子题/中公教育会计研究院编著.-上海:立信会计出版社,2020.7 |
| 330页;26cm |
| ISBN 978-7-5429-6551-6:CNY56.00 |
| 本书包括以下内容:战略与战略管理、企业外部环境分析、企业内部环境分析、SWOT分析、总体战略、业务单位战略、职能战略、国际化经营战略、公司战略与组织结构、公司战略与企业文化、战略控制、战略管理中的权力与利益相关者、公司治理问题、风险与风险管理。 |
| ● |
| 相关链接 |
|
|
|
正题名:公司战略与风险管理母子题
索取号:F276.6/25
 
预约/预借
| 序号 | 登录号 | 条形码 | 馆藏地/架位号 | 状态 | 备注 |
| 1 | 2000876666 | 2000876666 | 第二书库/ [索取号:F276.6/25] | 在馆 | |
| 2 | 2000876667 | 2000876667 | 第二书库/ [索取号:F276.6/25] | 在馆 | |
| 3 | 2000876668 | 2000876668 | 第二书库/ [索取号:F276.6/25] | 在馆 |